|
|
|
|
| LEADER |
02174nam a2200553 a 4500 |
| 001 |
nkc20152658111 |
| 003 |
CZ PrNK |
| 005 |
20180227235008.0 |
| 007 |
ta |
| 008 |
150113s2014 xr abf f 001 0 cze |
| 015 |
|
|
|a cnb002658111
|
| 020 |
|
|
|a 978-80-7485-037-0
|q (brož.) :
|c Kč 245,00
|
| 035 |
|
|
|a (OCoLC)904580228
|
| 040 |
|
|
|a BOA001
|b cze
|d ABA001
|d OLA001
|
| 041 |
0 |
|
|a cze
|b eng
|
| 072 |
|
7 |
|a 321
|x Politologie
|2 Konspekt
|9 15
|
| 080 |
|
|
|a 341.218.1:323.173
|2 MRF
|
| 080 |
|
|
|a 17
|2 MRF
|
| 080 |
|
|
|a 323.173
|2 MRF
|
| 080 |
|
|
|a 321.01
|2 MRF
|
| 080 |
|
|
|a 172.1/.2
|2 MRF
|
| 080 |
|
|
|a (048.8)
|2 MRF
|
| 100 |
1 |
|
|a Rosůlek, Přemysl,
|d 1971-
|7 js20020318006
|4 aut
|
| 245 |
1 |
0 |
|a Politický secesionismus & etické teorie :
|b Allen Buchanan a jeho kritici /
|c Přemysl Rosůlek
|
| 246 |
3 |
|
|a Politický secesionismus a etické teorie
|
| 246 |
3 |
0 |
|a Allen Buchanan a jeho kritici
|
| 250 |
|
|
|a 1. vyd.
|
| 260 |
|
|
|a Brno :
|b Barrister & Principal,
|c 2014
|
| 300 |
|
|
|a 171 s., [24] s. obr. příl. :
|b il. (převážně barev.), mapy ;
|c 23 cm
|
| 504 |
|
|
|a Obsahuje bibliografii, bibliografické odkazy a rejstřík
|
| 546 |
|
|
|a Anglické resumé
|
| 600 |
1 |
7 |
|a Buchanan, Allen E.,
|d 1948-
|7 mub2014808029
|2 czenas
|
| 650 |
0 |
7 |
|a secese (právo)
|7 ph847999
|x etické a morální aspekty
|2 czenas
|
| 650 |
0 |
7 |
|a separatismus
|7 ph125485
|2 czenas
|
| 650 |
0 |
7 |
|a politické teorie
|7 ph115791
|2 czenas
|
| 650 |
0 |
7 |
|a politická etika
|7 ph124231
|2 czenas
|
| 650 |
0 |
9 |
|a secession (law)
|x ethical moral aspects
|2 eczenas
|
| 650 |
0 |
9 |
|a separatist movements
|2 eczenas
|
| 650 |
0 |
9 |
|a political theories
|2 eczenas
|
| 650 |
0 |
9 |
|a political ethics
|2 eczenas
|
| 655 |
|
7 |
|a monografie
|7 fd132842
|2 czenas
|
| 655 |
|
9 |
|a monographs
|2 eczenas
|
| 856 |
4 |
1 |
|u https://www.digitalniknihovna.cz/mzk/uuid/uuid:06105bd0-ca96-11e7-9c14-005056827e51
|y Digitalizovaný dokument
|x NDK
|
| 910 |
2 |
|
|a BOA001
|b 2-1336.836
|
| 990 |
|
|
|a BK
|
| 995 |
|
|
|a 01
|
| 991 |
|
|
|b 201502
|c NOV
|e n
|
| 996 |
6 |
|
|b 2610619202
|c 2-1336.836
|l MZK
|r Sklad / do 1 hodiny
|n 1
|p p.v.
|w 001484927
|u 000010
|a 1
|e BOA001
|j MZK50
|s P
|
| 996 |
7 |
|
|b 2610619203
|c 2-1336.836
|l MZK
|r Sklad / do 1 hodiny
|n 4
|p p.v.
|w 001484927
|u 000020
|a 1
|e BOA001
|j MZK50
|s A
|